Samajik vikas evam samaj karya (Record no. 394611)

MARC details
000 -LEADER
fixed length control field 00530 a2200205 4500
005 - DATE & TIME
control field 20260506111714.0
008 - FIXED-LENGTH DATA ELEMENTS--GENERAL INFORMATION
fixed length control field 260506b |||||||| |||| 00| 0 eng d
020 ## - ISBN
International Standard Book Number 9788131612101
Price Rs. 1100 .00
040 ## - CATALOGING SOURCE
Original cataloging agency VIVEKANANDA LIBRARY
082 ## - DDC NUMBER
Classification number 361.3
Book Number P192S
100 ## - MAIN ENTRY--PERSONAL NAME
Personal name Pandey, Tejaskar
245 ## - TITLE STATEMENT
Title Samajik vikas evam samaj karya
260 ## - PUBLICATION, DISTRIBUTION, ETC. (IMPRINT)
Name of publisher, distributor, etc Rawat Publications
Date of publication, distribution, etc 2021
Place of publication, distribution, etc Jaipur
300 ## - PHYSICAL DESCRIPTION
Pages x, 262
650 ## - Subject
Subject Social Problems
650 ## - Subject
Subject Social Services
650 ## - Subject
Subject Social Work
700 ## - Added Entry Personal Name
Added Entry Personal Name Pandey, Baleshwar
942 ## - ADDED ENTRY ELEMENTS (KOHA)
Koha item type Books
Holdings
Withdrawn status Lost status Source of classification or shelving scheme Damaged status Not for loan Location (home branch) Sublocation or collection (holding branch) Shelving location Date acquired Koha issues (times borrowed) Koha full call number Accession No. Koha date last seen Koha item type
    Dewey Decimal Classification     VIVEKANANDA LIBRARY VIVEKANANDA LIBRARY Vivekananda Library 16/12/2025   361.3 P192S 443698 16/12/2025 Books
© Designed and Maintained by Vivekananda Library, MDU Rohtak